Caribbean / Lesser Antilles Map Quiz... but only the Countries - Statistics

General Stats
  • This quiz has been taken 141 times
  • The average score is 6 of 8
Answers on the Map
Answers color-coded by a green-red scale on the quiz's map according to % correct below.
 
Answer Stats
Answer % Correct
Trinidad and Tobago
97%
Antigua and Barbuda
74%
Barbados
74%
Dominica
73%
Grenada
73%
Saint Vincent and the
Grenadines
73%
Saint Lucia
72%
Saint Kitts and Nevis
65%
No matching quizzes found
Score Distribution
Percent of People with Each Score
Percentile by Number Answered
Your Score History
You have not taken this quiz